| 000 | 00882nam a22002537a 4500 | ||
|---|---|---|---|
| 999 |
_c78675 _d78675 |
||
| 005 | 20230726162148.0 | ||
| 010 | _aB-512386-396 ENG-110576 ENG-137595 | ||
| 020 |
_a9780749464059 _c295.00 |
||
| 035 | _aB-512386-396 | ||
| 035 | _aEN-94108 | ||
| 035 | _aEN-121127 | ||
| 037 |
_adpl _bBSB/Ven |
||
| 037 | _bDBAD/PUB | ||
| 082 | _a650.142 | ||
| 100 | _aYate, Martin John | ||
| 245 |
_aUltimate cover letters : _cby Martin John Yate _ba guide to job search letters, online applications and follow-up strategies / |
||
| 250 | _a3rd ed | ||
| 260 |
_aNew Delhi _bKogan Page _c2012 |
||
| 270 |
_a4737/23 Ansari Road,Daryaganj, _bNew Delhi _e110002 |
||
| 300 |
_axii,267p. : _bill. _c24cm(pbk) |
||
| 500 | _aIncludes index | ||
| 942 |
_2ddc _cEN _mYAT _h650.142 |
||